[Event "Western Canadian op"]
[Site "Richmond CAN"]
[Date "2004.07.10"]
[Round "2.10"]
[White "Kazmaier, Daniel"]
[Black "Metz, Hartmut"]
[Result "1/2-1/2"]
[WhiteElo "1974"]
[BlackElo "2290"]
[PlyCount "70"]
[GameId "2160767911095485"]
[EventDate "2004.07.09"]
[EventType "swiss"]
[EventRounds "10"]
[EventCountry "CAN"]

1. e4 c6 2. d4 d5 3. Nc3 dxe4 4. Nxe4 Nf6 5. Nxf6+ gxf6 6. c3 Bf5 7. Ne2 Nd7 8. Ng3 Bg6 9. h4 h5 10. Be2 Qa5 11. b4 Qc7 12. Bxh5 Bxh5 13. Nxh5 e5 14. Ng3 O-O-O 15. Be3 Kb8 16. Qb3 Nb6 17. O-O-O Nd5 18. Nf5 Rg8 19. h5 Qc8 20. Nh4 Rh8 21. dxe5 fxe5 22. Nf3 Re8 23. a3 Qg4 24. Rxd5 cxd5 25. Qa4 Qc8 26. Bxa7+ Kc7 27. Rd1 Qe6 28. Be3 Qc6 29. Qa5+ Kd6 30. b5 Qc4 31. Qb6+ Kd7 32. Qxb7+ Ke6 33. Ng5+ Kd6 34. Nxf7+ Ke6 35. Ng5+ Kd6 1/2-1/2

[Event "Western Canadian op"]
[Site "Richmond CAN"]
[Date "2004.07.10"]
[Round "2.11"]
[White "Meng, Fanhao"]
[Black "Lister, Curtis"]
[Result "1-0"]
[WhiteElo "2284"]
[BlackElo "1964"]
[PlyCount "101"]
[GameId "2160767911095486"]
[EventDate "2004.07.09"]
[EventType "swiss"]
[EventRounds "10"]
[EventCountry "CAN"]

1. b4 e5 2. Bb2 d6 3. e3 f5 4. d4 Qe7 5. c4 Nf6 6. a3 exd4 7. Qxd4 Nc6 8. Qc3 Ne4 9. Qc2 f4 10. Bd3 Bf5 11. b5 Na5 12. Nc3 Nxf2 13. Bxf5 Nxh1 14. Nd5 Qh4+ 15. Kf1 Nxc4 16. Nf3 Qf2+ 17. Qxf2 Nxf2 18. Nxc7+ Kd8 19. Nxa8 Nxb2 20. Kxf2 fxe3+ 21. Ke2 g6 22. Be6 Bg7 23. Rc1 Na4 24. Rc7 Nc3+ 25. Kxe3 Re8 26. Rc8+ Ke7 27. Rxe8+ Kxe8 28. b6 Ke7 29. bxa7 Nb5 30. Nb6 Nxa7 31. Nc8+ Kxe6 32. Nxa7 Kd5 33. Nb5 Kc5 34. Nbd4 Bh6+ 35. Kd3 d5 36. h4 b5 37. Ng5 Bxg5 38. hxg5 b4 39. axb4+ Kxb4 40. Ne6 Kb5 41. Kd4 Kc6 42. Nf8 Kd6 43. Nxh7 Ke6 44. g4 Kf7 45. Kxd5 Kg7 46. Ke6 Kxh7 47. Kf7 Kh8 48. Kxg6 Kg8 49. Kh6 Kh8 50. g6 Kg8 51. g7 1-0

[Event "Western Canadian op"]
[Site "Richmond CAN"]
[Date "2004.07.10"]
[Round "2.13"]
[White "Koons, Nathaniel"]
[Black "Lee, Mau Seng"]
[Result "1-0"]
[WhiteElo "2244"]
[BlackElo "1949"]
[PlyCount "57"]
[GameId "2160767911095487"]
[EventDate "2004.07.09"]
[EventType "swiss"]
[EventRounds "10"]
[EventCountry "CAN"]

1. e4 c5 2. Nf3 Nc6 3. d4 cxd4 4. Nxd4 d6 5. Nc3 Bd7 6. Be3 Nf6 7. f3 a6 8. g4 h6 9. Qd2 e6 10. O-O-O Be7 11. Kb1 Rc8 12. h4 Ne5 13. Rg1 Nc4 14. Bxc4 Rxc4 15. g5 hxg5 16. hxg5 Nh5 17. g6 d5 18. gxf7+ Kxf7 19. exd5 e5 20. Ne6 Qa5 21. Qg2 Bf6 22. Ne4 Rxe4 23. fxe4 Bxe6 24. dxe6+ Kxe6 25. Qg4+ Kf7 26. Rd7+ Kg8 27. Qe6+ Kh7 28. Qxf6 Nxf6 29. Rdxg7# 1-0

[Event "Western Canadian op"]
[Site "Richmond CAN"]
[Date "2004.07.10"]
[Round "2.14"]
[White "Kyriakides, Savvas"]
[Black "Bouvier, Jesse"]
[Result "0-1"]
[WhiteElo "1946"]
[BlackElo "2196"]
[PlyCount "62"]
[GameId "2160767911095488"]
[EventDate "2004.07.09"]
[EventType "swiss"]
[EventRounds "10"]
[EventCountry "CAN"]

1. e4 c5 2. Nf3 Nc6 3. d4 cxd4 4. Nxd4 Nf6 5. Nc3 e5 6. Ndb5 d6 7. Bg5 a6 8. Na3 Be6 9. Bc4 b5 10. Bxe6 fxe6 11. Ne2 Qa5+ 12. Bd2 Qc7 13. Ng3 d5 14. Nb1 Bc5 15. O-O O-O 16. Be3 Ne7 17. Bxc5 Qxc5 18. Nc3 Rac8 19. Rc1 Qb4 20. exd5 exd5 21. Qe2 Ng6 22. Nd1 Rce8 23. c3 Qh4 24. Ne3 Nf4 25. Qd2 Qg5 26. Rcd1 h5 27. Ne2 Ne4 28. h4 Nxd2 29. hxg5 Nxe2+ 30. Kh2 Nxf1+ 31. Rxf1 d4 0-1

[Event "Western Canadian op"]
[Site "Richmond CAN"]
[Date "2004.07.10"]
[Round "2.15"]
[White "Van den Bersselaar, Jeroen"]
[Black "Davies, Noam"]
[Result "1-0"]
[WhiteElo "2189"]
[BlackElo "1898"]
[PlyCount "77"]
[GameId "2160767911095489"]
[EventDate "2004.07.09"]
[EventType "swiss"]
[EventRounds "10"]
[EventCountry "CAN"]

1. d4 Nf6 2. c4 g6 3. Nc3 d5 4. Nf3 Bg7 5. Qb3 dxc4 6. Qxc4 O-O 7. e4 Nfd7 8. Be3 Nb6 9. Qb3 Bg4 10. Rd1 Nc6 11. d5 Ne5 12. Be2 Bxf3 13. gxf3 Qd7 14. h3 f6 15. Nb5 Kh8 16. a4 f5 17. f4 Nf7 18. a5 Nc8 19. e5 Nh6 20. Nd4 Rb8 21. Bb5 c6 22. dxc6 bxc6 23. Bxc6 Qxc6 24. Nxc6 Rxb3 25. Rd2 Rb5 26. O-O Nf7 27. h4 h6 28. b4 g5 29. Re1 gxf4 30. Bxf4 Rg8 31. Kf1 Bf8 32. f3 e6 33. Rd7 Rg7 34. Rc1 Kg8 35. Nd4 Rb8 36. Nxe6 Rg6 37. Nxf8 Kxf8 38. e6 Ra8 39. exf7 1-0

[Event "Western Canadian op"]
[Site "Richmond CAN"]
[Date "2004.07.10"]
[Round "2.16"]
[White "Palmer, Jordan"]
[Black "Spears, Nicholas"]
[Result "0-1"]
[WhiteElo "1915"]
[BlackElo "2186"]
[PlyCount "62"]
[GameId "2160767911095490"]
[EventDate "2004.07.09"]
[EventType "swiss"]
[EventRounds "10"]
[EventCountry "CAN"]

1. d4 Nf6 2. c4 d6 3. Nc3 e5 4. d5 Be7 5. Nf3 O-O 6. e4 Nbd7 7. Be2 Nc5 8. Qc2 a5 9. Be3 b6 10. h3 Ne8 11. g4 g6 12. O-O-O f5 13. gxf5 gxf5 14. Bh6 Rf6 15. Rdg1+ Kh8 16. Ng5 Bf8 17. Bxf8 Rxf8 18. Bh5 Qe7 19. Bxe8 Qxe8 20. Nb5 Qe7 21. f3 fxe4 22. fxe4 h6 23. h4 Bd7 24. Nxc7 Rac8 25. Qd2 Rxc7 26. Ne6 Nxe6 27. Rg6 Nf4 28. Rhg1 Nxg6 29. Rxg6 Rf4 30. b3 Qxh4 31. Rg1 Qf2 0-1

[Event "Western Canadian op"]
[Site "Richmond CAN"]
[Date "2004.07.10"]
[Round "2.17"]
[White "Milicevic, Dragoljub"]
[Black "Lane, Travis"]
[Result "0-1"]
[WhiteElo "2182"]
[BlackElo "1895"]
[PlyCount "100"]
[GameId "2160767911095491"]
[EventDate "2004.07.09"]
[EventType "swiss"]
[EventRounds "10"]
[EventCountry "CAN"]

1. g3 g6 2. Bg2 Bg7 3. e4 c5 4. d3 d6 5. f4 Nc6 6. Nf3 e5 7. c3 Nge7 8. O-O exf4 9. Bxf4 O-O 10. Nbd2 h6 11. Nc4 d5 12. exd5 Nxd5 13. Bd6 Ne3 14. Qd2 Nxf1 15. Rxf1 Re8 16. Bxc5 Qd5 17. Be3 Qh5 18. Nd6 Re7 19. c4 Be6 20. b4 Rd8 21. c5 Bd5 22. d4 Nxb4 23. h3 Bc6 24. Bf4 Na6 25. g4 Qd5 26. Bxh6 Bxh6 27. Qxh6 Nxc5 28. Nxf7 Rxf7 29. dxc5 Qxc5+ 30. Kh1 Qc2 31. Qg5 Rd1 32. Rxd1 Qxd1+ 33. Ng1 Bxg2+ 34. Kxg2 Qc2+ 35. Kh1 Qe4+ 36. Kh2 Qf4+ 37. Qxf4 Rxf4 38. Kg3 Ra4 39. Nf3 Rxa2 40. Ne5 Kg7 41. h4 Ra4 42. Kf3 b5 43. Ke3 a5 44. Kd3 Ra3+ 45. Kd4 b4 46. h5 gxh5 47. gxh5 Rc3 48. Nd7 a4 49. Nb6 a3 50. Na4 a2 0-1

[Event "Western Canadian op"]
[Site "Richmond CAN"]
[Date "2004.07.10"]
[Round "2.18"]
[White "Haukenfrers, Dale"]
[Black "Gairdner, David"]
[Result "1-0"]
[WhiteElo "2160"]
[BlackElo "1599"]
[PlyCount "41"]
[GameId "2160767911095492"]
[EventDate "2004.07.09"]
[EventType "swiss"]
[EventRounds "10"]
[EventCountry "CAN"]

1. Nc3 f5 2. e4 d6 3. exf5 Bxf5 4. Bc4 Nf6 5. Nf3 Nc6 6. O-O d5 7. Bb5 Qd6 8. Re1 O-O-O 9. d4 Bg4 10. Bxc6 Bxf3 11. Bxb7+ Kxb7 12. Qxf3 h6 13. Bf4 Qb6 14. Na4 Qxd4 15. Qb3+ Ka8 16. Bxc7 Rc8 17. Nb6+ axb6 18. Bxb6 Qc4 19. Qa3+ Kb7 20. Qa7+ Kc6 21. Re6+ 1-0

[Event "Western Canadian op"]
[Site "Richmond CAN"]
[Date "2004.07.10"]
[Round "2.22"]
[White "Goutor, Evgeni"]
[Black "Oszvald, Joseph"]
[Result "0-1"]
[WhiteElo "1840"]
[BlackElo "2181"]
[PlyCount "107"]
[GameId "2160767911095494"]
[EventDate "2004.07.09"]
[EventType "swiss"]
[EventRounds "10"]
[EventCountry "CAN"]

1. e4 c5 2. Nf3 d6 3. d4 cxd4 4. Nxd4 Nf6 5. Nc3 g6 6. Be3 Bg7 7. f3 O-O 8. Bc4 Nc6 9. Qd2 Bd7 10. O-O-O Rc8 11. Bb3 Ne5 12. h4 h5 13. Bh6 Nc4 14. Bxc4 Rxc4 15. Bxg7 Kxg7 16. g4 Rh8 17. g5 Ne8 18. f4 Bg4 19. Rdf1 Qb6 20. Nb3 e6 21. Qd3 d5 22. exd5 Nd6 23. dxe6 Bf5 24. Qd5 Qe3+ 25. Qd2 Qxe6 26. Nd4 Qc8 27. Nxf5+ Nxf5 28. Qf2 a6 29. Re1 Qc6 30. Rh3 Rc8 31. Rd3 b5 32. Rd2 b4 33. Nd1 Qc7 34. Re5 a5 35. Ne3 Nxe3 36. Rxe3 Rxf4 37. Rf3 Rg4 38. Rfd3 Qf4 39. Rf3 Qc7 40. Rfd3 Qf4 41. Rf3 Qc4 42. Rd7 Rg1+ 43. Rd1 Rxd1+ 44. Kxd1 Rd8+ 45. Ke1 Qxa2 46. Kf1 Rd1+ 47. Kg2 Qd5 48. Kg3 Qd6+ 49. Kg2 Qe6 50. Rf6 Qg4+ 51. Kh2 Rd7 52. Rf4 Qe6 53. Rf6 Qe5+ 54. Kg2 0-1

[Event "Western Canadian op"]
[Site "Richmond CAN"]
[Date "2004.07.10"]
[Round "2.25"]
[White "Fletcher, Christopher"]
[Black "Goutor, Valentina"]
[Result "1/2-1/2"]
[WhiteElo "1652"]
[BlackElo "1999"]
[PlyCount "85"]
[GameId "2160767911095495"]
[EventDate "2004.07.09"]
[EventType "swiss"]
[EventRounds "10"]
[EventCountry "CAN"]

1. d4 Nf6 2. c4 g6 3. Nc3 Bg7 4. e4 d6 5. Nf3 O-O 6. Be2 e5 7. Be3 Nc6 8. d5 Ne7 9. Nd2 Ne8 10. c5 f5 11. f3 f4 12. Bf2 g5 13. h3 h5 14. Qb3 Nf6 15. O-O-O b6 16. cxd6 cxd6 17. Kb1 Nd7 18. Bb5 Bb7 19. Bc6 Rb8 20. Rc1 Kh7 21. Bxd7 Qxd7 22. Nb5 Rfc8 23. Nc4 Ba6 24. Nbxd6 Rc7 25. Qa3 Bxc4 26. Nxc4 Nc8 27. Qd3 Nd6 28. Nxd6 Qxd6 29. Rxc7 Qxc7 30. Rc1 Qd7 31. Rc6 Rc8 32. Qb5 Rd8 33. g4 hxg4 34. hxg4 Bf8 35. a3 Bd6 36. Qf1 Kg7 37. Qh1 Rh8 38. Qg2 Rh6 39. Ka2 Kf7 40. b4 Ke7 41. Be1 Qd8 42. Qe2 Rh1 43. Kb3 1/2-1/2

[Event "Western Canadian op"]
[Site "Richmond CAN"]
[Date "2004.07.10"]
[Round "2.32"]
[White "Gaulin, Richard"]
[Black "Sum, Peter"]
[Result "0-1"]
[WhiteElo "1556"]
[BlackElo "1791"]
[PlyCount "48"]
[GameId "2160767911095496"]
[EventDate "2004.07.09"]
[EventType "swiss"]
[EventRounds "10"]
[EventCountry "CAN"]

1. e4 e5 2. Nf3 Nf6 3. Nxe5 d6 4. Nf3 Nxe4 5. d4 d5 6. Bd3 Be7 7. O-O O-O 8. Bf4 Bg4 9. Re1 f5 10. c4 c6 11. a3 Bh4 12. g3 Bf6 13. Be2 Qb6 14. Be5 Bxf3 15. Bxf6 Bxe2 16. Rxe2 Nxf6 17. c5 Qc7 18. Nd2 Nbd7 19. Re7 Rae8 20. Rxe8 Rxe8 21. Nf1 Nf8 22. Qd2 Ng6 23. f3 Qe7 24. b4 Qe2 0-1

[Event "Western Canadian op"]
[Site "Richmond CAN"]
[Date "2004.07.10"]
[Round "2.33"]
[White "Lau, Robert"]
[Black "Taylor, James"]
[Result "1-0"]
[WhiteElo "1980"]
[BlackElo "1554"]
[PlyCount "81"]
[GameId "2160767911095497"]
[EventDate "2004.07.09"]
[EventType "swiss"]
[EventRounds "10"]
[EventCountry "CAN"]

1. e4 e6 2. Nf3 h6 3. d4 c5 4. d5 d6 5. c4 Nf6 6. Nc3 Be7 7. Bd3 a6 8. O-O Nbd7 9. a3 O-O 10. b4 b6 11. h3 Nh7 12. Bc2 Bf6 13. Bb2 b5 14. dxe6 Ne5 15. Nxe5 Bxe5 16. exf7+ Rxf7 17. cxb5 Qg5 18. Bb3 Raa7 19. Qd3 Kh8 20. b6 Rad7 21. Bxf7 Rxf7 22. Na4 c4 23. Qe3 Bf4 24. Qc3 Be5 25. b7 Rxb7 26. Qf3 Re7 27. Bxe5 Qxe5 28. Rac1 Be6 29. Nc3 Ng5 30. Qe3 Bg8 31. f4 Nxh3+ 32. Qxh3 Qd4+ 33. Kh1 Be6 34. f5 Bd7 35. Rcd1 Qe5 36. Rd5 Qf6 37. Ra5 Bc8 38. Nd5 Bxf5 39. Nxe7 Bxh3 40. Rxf6 Bxg2+ 41. Kxg2 1-0

[Event "Western Canadian op"]
[Site "Richmond CAN"]
[Date "2004.07.10"]
[Round "2.40"]
[White "Sohal, Tanraj"]
[Black "Escandor, Manuel Omana"]
[Result "0-1"]
[WhiteElo "1252"]
[BlackElo "1736"]
[PlyCount "86"]
[GameId "2160767911095498"]
[EventDate "2004.07.09"]
[EventType "swiss"]
[EventRounds "10"]
[EventCountry "CAN"]

1. e4 e5 2. Nf3 Nc6 3. Bc4 Bc5 4. O-O Nf6 5. Nc3 O-O 6. h3 d6 7. d3 h6 8. Be3 Nd4 9. a3 a6 10. b4 Ba7 11. a4 c6 12. b5 Qa5 13. Bd2 Nxf3+ 14. Qxf3 Bd4 15. Nb1 Qd8 16. Ra3 Be6 17. Rb3 d5 18. Rb4 dxc4 19. dxc4 a5 20. bxc6 axb4 21. cxb7 Rb8 22. Bxb4 Re8 23. Rd1 Qb6 24. c3 Bc5 25. a5 Qa7 26. Bxc5 Qxc5 27. Nd2 Qxa5 28. Nb3 Qb6 29. Rb1 Qxb7 30. Nd2 Qd7 31. Rd1 Red8 32. Qe3 Rb2 33. Kf1 Rxd2 34. Qxd2 Qxd2 35. Rxd2 Rxd2 36. c5 Rc2 37. c6 Rxc3 38. c7 Rxc7 39. Ke2 Rc3 40. Kd2 Nxe4+ 41. Kd1 Bb3+ 42. Ke1 Bc4 43. f3 Rc1# 0-1

[Event "Western Canadian op"]
[Site "Richmond CAN"]
[Date "2004.07.11"]
[Round "3"]
[White "Brodie, Hugh"]
[Black "Dekker, Case"]
[Result "1-0"]
[WhiteElo "1900"]
[BlackElo "1536"]
[PlyCount "87"]
[GameId "2160767911095499"]
[EventDate "2004.07.09"]
[EventType "swiss"]
[EventRounds "10"]
[EventCountry "CAN"]
[SourceTitle "EXT 2006"]
[Source "ChessBase"]
[SourceDate "2005.11.24"]
[SourceVersion "1"]
[SourceVersionDate "2005.11.24"]
[SourceQuality "1"]

1. e4 c5 2. Nf3 Nc6 3. c3 d6 4. d4 cxd4 5. cxd4 Nf6 6. Nc3 a6 7. Bd3 Bd7 8. O-O e6 9. Bg5 Be7 10. Re1 h6 11. Bxf6 Bxf6 12. e5 Be7 13. exd6 Bxd6 14. d5 Ne7 15. dxe6 Bxe6 16. Nd4 O-O 17. Nxe6 fxe6 18. Rxe6 Bc5 19. Re2 Qb6 20. Qc2 Rac8 21. Rf1 Rc7 22. Kh1 Bd4 23. Rxe7 Rxe7 24. Nd5 Qd6 25. Nxe7+ Qxe7 26. Qc4+ Kh8 27. Qxd4 Rd8 28. Qe4 Qxe4 29. Bxe4 Rd2 30. Bxb7 Rxb2 31. Bd5 a5 32. a4 Rd2 33. Bc6 g5 34. g3 Kg7 35. Kg2 h5 36. Rc1 Kf6 37. Rc5 Rd6 38. Be8 h4 39. Rc6 Ke7 40. Rxd6 Kxd6 41. gxh4 gxh4 42. f4 Ke7 43. Bb5 Kf6 44. Kf3 1-0

[Event "Western Canadian op"]
[Site "Richmond CAN"]
[Date "2004.07.11"]
[Round "3"]
[White "Jose, Marionito"]
[Black "Kyriakides, Savvas"]
[Result "0-1"]
[WhiteElo "1647"]
[BlackElo "1946"]
[PlyCount "40"]
[GameId "2160767911095500"]
[EventDate "2004.07.09"]
[EventType "swiss"]
[EventRounds "10"]
[EventCountry "CAN"]
[SourceTitle "CBM 101 ext"]
[Source "ChessBase"]
[SourceDate "2004.09.01"]
[SourceVersion "2"]
[SourceVersionDate "2004.09.23"]
[SourceQuality "1"]

1. d4 Nf6 2. c4 g6 3. Nc3 Bg7 4. e4 d6 5. f3 O-O 6. Be3 Nbd7 7. Qd2 c5 8. d5 a6 9. h4 h5 10. Be2 Ne5 11. O-O-O Bd7 12. g4 b5 13. gxh5 Nxh5 14. f4 Nxc4 15. Bxc4 bxc4 16. Nf3 Rb8 17. Rhg1 Qa5 18. e5 Rb7 19. Qf2 Rfb8 20. Nd2 Rxb2 0-1

[Event "Western Canadian op"]
[Site "Richmond CAN"]
[Date "2004.07.11"]
[Round "3"]
[White "Koons, Nathaniel"]
[Black "Cramling, Pia"]
[Result "0-1"]
[WhiteElo "2267"]
[BlackElo "2489"]
[PlyCount "58"]
[GameId "2160767911095501"]
[EventDate "2004.07.09"]
[EventType "swiss"]
[EventRounds "10"]
[EventCountry "CAN"]
[SourceTitle "CBM 101 Extra"]
[Source "ChessBase"]
[SourceDate "2004.09.01"]
[SourceVersion "2"]
[SourceVersionDate "2004.09.01"]
[SourceQuality "1"]

1. e4 c5 2. Nf3 e6 3. d4 cxd4 4. Nxd4 a6 5. Nc3 Ne7 6. Be2 Nec6 7. O-O b5 8. Be3 Bb7 9. Nxc6 Nxc6 10. f4 Qc7 11. Qe1 Be7 12. Rd1 O-O 13. Qf2 d6 14. Bb6 Qb8 15. a3 Bf6 16. Rd3 Ne7 17. Bf3 Ng6 18. g3 Rc8 19. Rfd1 Be7 20. h4 Nf8 21. Be3 Nd7 22. e5 Bxf3 23. Qxf3 d5 24. Qg4 Qb7 25. R1d2 Rc4 26. Bd4 Rac8 27. Kh2 a5 28. Nxd5 Qxd5 29. Bf2 Nxe5 0-1

[Event "Western Canadian op"]
[Site "Richmond CAN"]
[Date "2004.07.11"]
[Round "3"]
[White "Sutherland, Daniel"]
[Black "Jung, William"]
[Result "1-0"]
[WhiteElo "1457"]
[BlackElo "1667"]
[PlyCount "63"]
[GameId "2160767911095503"]
[EventDate "2004.07.09"]
[EventType "swiss"]
[EventRounds "10"]
[EventCountry "CAN"]
[SourceTitle "CBM 101 ext"]
[Source "ChessBase"]
[SourceDate "2004.09.01"]
[SourceVersion "2"]
[SourceVersionDate "2004.09.23"]
[SourceQuality "1"]

1. e4 e5 2. Nf3 Nc6 3. Bb5 d6 4. d4 Bd7 5. Nc3 exd4 6. Nxd4 Nf6 7. Be3 Be7 8. O-O O-O 9. Be2 Re8 10. f4 Bf8 11. Bd3 Ng4 12. Qe1 Nxd4 13. Bxd4 c5 14. Bf2 f5 15. Bh4 Qa5 16. Qg3 Kh8 17. exf5 Ne3 18. Rfe1 Nxf5 19. Rxe8 Rxe8 20. Qf2 Nd4 21. Re1 Rxe1+ 22. Qxe1 c4 23. Bxc4 Qc5 24. Qf1 b5 25. Bd3 b4 26. Ne4 Qb6 27. Bf2 Bc6 28. c3 bxc3 29. bxc3 Bxe4 30. Bxe4 Nf3+ 31. Bxf3 Qd8 32. Bxa7 1-0

[Event "Western Canadian op"]
[Site "Richmond CAN"]
[Date "2004.07.11"]
[Round "3.2"]
[White "Bouvier, Jesse"]
[Black "Bellon Lopez, Juan Manuel"]
[Result "1/2-1/2"]
[WhiteElo "2196"]
[BlackElo "2447"]
[PlyCount "103"]
[GameId "2160767911095504"]
[EventDate "2004.07.09"]
[EventType "swiss"]
[EventRounds "10"]
[EventCountry "CAN"]

1. e4 c5 2. Nf3 g6 3. d4 Bg7 4. dxc5 Qa5+ 5. Nc3 Bxc3+ 6. bxc3 Qxc5 7. Bd3 d6 8. O-O Nd7 9. Be3 Qc7 10. Nd4 a6 11. f4 Ngf6 12. Qe1 b6 13. Nf3 Bb7 14. e5 dxe5 15. fxe5 Ng4 16. Bd4 Bxf3 17. gxf3 Nh6 18. e6 Nf6 19. Qh4 Nhg8 20. Rab1 b5 21. a4 bxa4 22. Rfe1 a3 23. Be4 Rb8 24. Bc6+ Kf8 25. exf7 Rxb1 26. fxg8=Q+ Rxg8 27. Rxb1 Qxc6 28. Bxf6 exf6 29. Qxh7 Rg7 30. Qh8+ Kf7 31. Qb8 g5 32. Qb7+ Qxb7 33. Rxb7+ Kg6 34. Rb3 Rd7 35. Rxa3 Rd2 36. Rxa6 Rxc2 37. Rc6 Kf5 38. Rc4 Ke5 39. Re4+ Kd5 40. Rd4+ Kc5 41. Rd8 Rxc3 42. Kg2 Ra3 43. Kg3 Ra4 44. Rf8 Rf4 45. h4 Rxh4 46. Rxf6 Ra4 47. Rf5+ Kd6 48. Rxg5 Ke6 49. Rg4 Ra1 50. Rb4 Ra6 51. Kf4 Kf6 52. Rc4 1/2-1/2

[Event "Western Canadian op"]
[Site "Richmond CAN"]
[Date "2004.07.11"]
[Round "3.3"]
[White "Welling, Gerard"]
[Black "Haukenfrers, Dale"]
[Result "1-0"]
[WhiteElo "2361"]
[BlackElo "2160"]
[PlyCount "99"]
[GameId "2160767911095505"]
[EventDate "2004.07.09"]
[EventType "swiss"]
[EventRounds "10"]
[EventCountry "CAN"]

1. b4 g5 2. Bb2 Nf6 3. c4 c5 4. b5 a6 5. a4 axb5 6. axb5 Rxa1 7. Bxa1 Bg7 8. Nc3 O-O 9. e3 e6 10. Nge2 d5 11. Ng3 d4 12. Na4 b6 13. Bd3 e5 14. O-O Re8 15. Bf5 Nbd7 16. d3 Bb7 17. e4 Nf8 18. Bb2 Ng6 19. Bc1 Nf4 20. Ne2 Qc7 21. g3 Kh8 22. gxf4 exf4 23. f3 Rg8 24. Kh1 Bf8 25. Rg1 Bd6 26. Qf1 Rg7 27. h4 h6 28. hxg5 hxg5 29. Qh3+ Kg8 30. Kg2 g4 31. fxg4 Be5 32. Rh1 Kf8 33. Kf3 Bc8 34. g5 Rxg5 35. Qh6+ Rg7 36. Bxf4 Bxf5 37. Qxf6 Bg4+ 38. Kf2 Bxf6 39. Bxc7 Bxe2 40. Kxe2 Rg2+ 41. Kf1 Ra2 42. Bd6+ Kg7 43. Rg1+ Kh6 44. Nxb6 Bh4 45. Rh1 Ra1+ 46. Kg2 Ra2+ 47. Kf3 Rf2+ 48. Kg4 Rf6 49. Rxh4+ Kg6 50. Bf4 1-0

[Event "Western Canadian op"]
[Site "Richmond CAN"]
[Date "2004.07.11"]
[Round "3.4"]
[White "Spears, Nicholas"]
[Black "Fuentebella, Mayo"]
[Result "0-1"]
[WhiteElo "2186"]
[BlackElo "2348"]
[PlyCount "74"]
[GameId "2160767911095506"]
[EventDate "2004.07.09"]
[EventType "swiss"]
[EventRounds "10"]
[EventCountry "CAN"]

1. d4 g6 2. c4 Bg7 3. Nf3 d6 4. g3 Nd7 5. Bg2 e5 6. Nc3 Ne7 7. O-O O-O 8. dxe5 dxe5 9. Qc2 c6 10. Rd1 Qc7 11. b3 Nf5 12. Bb2 Re8 13. e3 Nf6 14. Rac1 Nd6 15. c5 Nf5 16. Nd2 Be6 17. Nce4 Nxe4 18. Nxe4 Rad8 19. Qe2 Bd5 20. Rd2 Bxe4 21. Bxe4 Qa5 22. Rcd1 Ne7 23. b4 Rxd2 24. Qxd2 Qxa2 25. f4 Nd5 26. Ra1 Qc4 27. Bxd5 cxd5 28. Rxa7 exf4 29. gxf4 d4 30. Bxd4 Rd8 31. Rxb7 Bxd4 32. exd4 Rxd4 33. Rb8+ Kg7 34. Qb2 Kh6 35. Re8 Rd1+ 36. Kf2 Qf1+ 37. Kg3 Rd3+ 0-1

[Event "Western Canadian op"]
[Site "Richmond CAN"]
[Date "2004.07.11"]
[Round "3.5"]
[White "Ristovic, Nenad"]
[Black "Van den Bersselaar, Jeroen"]
[Result "1-0"]
[WhiteElo "2339"]
[BlackElo "2189"]
[PlyCount "83"]
[GameId "2160767911095507"]
[EventDate "2004.07.09"]
[EventType "swiss"]
[EventRounds "10"]
[EventCountry "CAN"]

1. d4 d5 2. c4 dxc4 3. e3 Nf6 4. Bxc4 e6 5. Nc3 c5 6. Nf3 a6 7. a4 Nc6 8. O-O Qc7 9. Qe2 Bd6 10. h3 O-O 11. Rd1 b6 12. dxc5 bxc5 13. e4 Ne5 14. Be3 Bb7 15. Nd2 Ng6 16. Rac1 Rfc8 17. Nb3 Bh2+ 18. Kh1 Bf4 19. f3 Nh5 20. Bxf4 Qxf4 21. Qd2 Qc7 22. Ne2 h6 23. Qa5 Ng3+ 24. Nxg3 Qxg3 25. Nxc5 Nh4 26. Bf1 Bc6 27. Qe1 Qg5 28. b4 Rd8 29. Nxe6 Rxd1 30. Qxd1 fxe6 31. Rxc6 Rd8 32. Rd6 Rc8 33. Rd2 Rc3 34. Rc2 Ra3 35. b5 Qg3 36. bxa6 Rxf3 37. a7 Rf8 38. Rb2 Qe3 39. Rb8 Qxa7 40. Rxf8+ Kxf8 41. Qd8+ Kf7 42. Qxh4 1-0

[Event "Western Canadian op"]
[Site "Richmond CAN"]
[Date "2004.07.11"]
[Round "3.6"]
[White "Henson, Joshua"]
[Black "Kraidman, Yair"]
[Result "1/2-1/2"]
[WhiteElo "2207"]
[BlackElo "2320"]
[PlyCount "121"]
[GameId "2160767911095508"]
[EventDate "2004.07.09"]
[EventType "swiss"]
[EventRounds "10"]
[EventCountry "CAN"]

1. e4 c5 2. Nf3 g6 3. d4 cxd4 4. Nxd4 Bg7 5. Nc3 Nc6 6. Be3 Nf6 7. Bc4 Ng4 8. Qxg4 Nxd4 9. Qd1 Ne6 10. Qd2 d6 11. Bb3 Qa5 12. Ba4+ Bd7 13. Bxd7+ Kxd7 14. Nd5 Qxd2+ 15. Kxd2 Rhc8 16. c3 Nc5 17. Bxc5 Rxc5 18. Rhd1 e6 19. Nb4 Rac8 20. Ke3 Ke7 21. f4 Rc4 22. Rd3 f5 23. exf5 gxf5 24. Rad1 d5 25. Nc2 b5 26. a3 h5 27. Kf3 h4 28. g3 Kf7 29. Ne3 R4c5 30. g4 fxg4+ 31. Kxg4 Bf6 32. f5 Rg8+ 33. Kf3 Rg5 34. fxe6+ Kxe6 35. Ng4 Rc7 36. Re1+ Kd6 37. Rde3 Rf5+ 38. Kg2 Re7 39. Rxe7 Bxe7 40. Rd1 Bg5 41. h3 a5 42. Nf2 Kc5 43. Rd4 Bf6 44. Nd3+ Kc6 45. Rg4 d4 46. cxd4 Kd5 47. Ne5 a4 48. Nf3 Kc4 49. d5+ Kb3 50. Nd4+ Bxd4 51. Rxd4 Kxb2 52. Rb4+ Kxa3 53. Rxb5 Rf4 54. d6 Rd4 55. Rb6 Rd3 56. Kh2 Rd2+ 57. Kg1 Ka2 58. Kh1 a3 59. Kg1 Ka1 60. Kh1 a2 61. Kg1 1/2-1/2

[Event "Western Canadian op"]
[Site "Richmond CAN"]
[Date "2004.07.11"]
[Round "3.7"]
[White "Pechisker, Alfred"]
[Black "Meng, Fanhao"]
[Result "1-0"]
[WhiteElo "2144"]
[BlackElo "2284"]
[PlyCount "109"]
[GameId "2160767911095509"]
[EventDate "2004.07.09"]
[EventType "swiss"]
[EventRounds "10"]
[EventCountry "CAN"]

1. d4 g6 2. c4 Bg7 3. Nc3 d6 4. e4 Nd7 5. Be3 e5 6. d5 Ne7 7. Nge2 f5 8. f3 Nf6 9. Nc1 O-O 10. Be2 c5 11. a3 Rf7 12. b4 b6 13. Rb1 f4 14. Bf2 g5 15. Nd3 Ng6 16. Kd2 h5 17. bxc5 bxc5 18. Qa4 Bf8 19. Rb2 Bd7 20. Qa6 Qc8 21. Qxc8 Bxc8 22. Rhb1 Nd7 23. Nc1 Ba6 24. Nb3 Nb6 25. Na5 Rc7 26. Nb5 Bxb5 27. cxb5 Nh4 28. Ra2 Be7 29. a4 Kf7 30. Nc6 Bf6 31. a5 Nd7 32. Bxh4 gxh4 33. Kc3 Rb7 34. Rab2 Bd8 35. h3 Kf6 36. Ra1 Kf7 37. b6 axb6 38. a6 Rba7 39. Bb5 Ke8 40. Kc4 Bc7 41. Rab1 Bd8 42. Nxa7 Rxa7 43. Bxd7+ Kxd7 44. Rxb6 Bxb6 45. Rxb6 Rc7 46. Rb8 Ra7 47. Kb5 Kc7 48. Rb6 Kd7 49. Rc6 Ra8 50. Ka5 Ke7 51. Kb6 Rb8+ 52. Kc7 Rb2 53. a7 Ra2 54. Kb7 Rb2+ 55. Rb6 1-0